Umění 19. a 20. století / Norbert Lynton ; přeložila Věra Nosková ; doslov napsal Ľudovít Petránsky a ze slovenštiny přeložila Jiřina Kintnerová
Record details
- Physical Description: 191 stran : ilustrace (některé barevné) ; 29 cm
- Publisher: Praha : Artia, 1981
Content descriptions
| General Note: | Přeloženo z angličtiny, doslov přeložen ze slovenštiny |
| Bibliography, etc. Note: | Obsahuje bibliografii a rejstřík |
Search for related items by subject
| Subject: | výtvarné umění > 19.-20. století dějiny umění > 19.-20. století art > 19th-20th centuries history of art > 19th-20th centuries |
| Genre: | obrazové publikace pictorial works |
Search for related items by series
Available copies
- 1 of 1 copy available at Common Catalog SPOK.
Holds
- 0 current holds with 1 total copy.
Show Only Available Copies
| Location | Call Number / Copy Notes | Barcode | Shelving Location | Status | Due Date |
|---|---|---|---|---|---|
| Jabok Library | VO-7.3/L | 424480019460 | Odborná literatura | Available | - |
| LDR | 02035nam a22005051i 4500 | ||
|---|---|---|---|
| 001 | 13693 | ||
| 003 | CZ-PrJAB | ||
| 005 | 20191111151839.0 | ||
| 007 | ta | ||
| 008 | 990227s1981 xr a e 001 0 cze | ||
| 015 | . | ‡acnb000866090 | |
| 020 | . | ‡q(Vázáno) : ‡cKčs 100,00 | |
| 035 | . | ‡a(CZ PrNK)gk62020628 | |
| 040 | . | ‡aABA001 ‡bcze ‡cABA001 ‡dABA001 ‡erda | |
| 041 | 1 | . | ‡acze ‡heng ‡hslo |
| 045 | . | ‡aw-x- | |
| 072 | 7. | ‡a72/76 ‡xVýtvarné umění ‡2Konspekt ‡921 | |
| 080 | . | ‡a72/76 ‡2MRF | |
| 080 | . | ‡a72/76(091) ‡2MRF | |
| 080 | . | ‡a(084.11) ‡2MRF | |
| 100 | 1 | . | ‡aLynton, Norbert, ‡d1927-2007 ‡7jn20020722232 ‡4aut |
| 240 | 1 | 0. | ‡aLandmarks of the world's art. ‡pModern world. ‡lČesky |
| 245 | 1 | 0. | ‡aUmění 19. a 20. století / ‡cNorbert Lynton ; přeložila Věra Nosková ; doslov napsal Ľudovít Petránsky a ze slovenštiny přeložila Jiřina Kintnerová |
| 264 | 1. | ‡aPraha : ‡bArtia, ‡c1981 | |
| 300 | . | ‡a191 stran : ‡bilustrace (některé barevné) ; ‡c29 cm | |
| 336 | . | ‡atext ‡btxt ‡2rdacontent | |
| 336 | . | ‡astatický obraz ‡bsti ‡2rdacontent | |
| 337 | . | ‡abez média ‡bn ‡2rdamedia | |
| 338 | . | ‡asvazek ‡bnc ‡2rdacarrier | |
| 490 | 1 | . | ‡aUmění světa |
| 500 | . | ‡aPřeloženo z angličtiny, doslov přeložen ze slovenštiny | |
| 504 | . | ‡aObsahuje bibliografii a rejstřík | |
| 650 | 0 | 7. | ‡avýtvarné umění ‡7ph116708 ‡y19.-20. století ‡2czenas |
| 650 | 0 | 7. | ‡adějiny umění ‡7ph119698 ‡y19.-20. století ‡2czenas |
| 650 | 0 | 9. | ‡aart ‡y19th-20th centuries ‡2eczenas |
| 650 | 0 | 9. | ‡ahistory of art ‡y19th-20th centuries ‡2eczenas |
| 655 | 7. | ‡aobrazové publikace ‡7fd132947 ‡2czenas | |
| 655 | 9. | ‡apictorial works ‡2eczenas | |
| 700 | 1 | . | ‡aNosková, Věra ‡7jk01090285 ‡4trl |
| 700 | 1 | . | ‡aPetránsky, Ľudovít, ‡d1943- ‡7jn19990210489 ‡4aft |
| 700 | 1 | . | ‡aKintnerová, Jiřina, ‡d1922-1996 ‡7jk01060196 ‡4trl |
| 830 | 0. | ‡aUmění světa | |
| 910 | . | ‡aABG312 | |
| 995 | . | ‡aska | |
| 901 | . | ‡a13693 ‡bCZ PrNK ‡c13693 ‡tbiblio | |